| 000 | 01216nam a2200121Ia 4500 | ||
|---|---|---|---|
| 008 | 220615s9999||||xx |||||||||||||| ||und|| | ||
| 100 | _aTownsend, Grant C||Pinkerton, Sandra K||Rogers, James R||Bockmann, Michelle R||Hughes, Toby E | ||
| 245 | 0 | _aTwin Studies: Research in Genes, Teeth and Faces | |
| 546 | _aEnglish[eng] | ||
| 650 | _aprimary teeth||longitudinal study||history of twin research||dental features||oral health||craniofacial biology||epigenetic factors||path analysis||permanent teeth||next-generation sequencing||twins||dentition||fraternal twins||monozygotic||melbourne dental schoolcentre for orio-facial research and learning||teeth||dental morphology||dental||dizygotic||mirror imaging||twin zygosity||twin studies||adelaide dental school||genetic expression||sexual dimorphism||genetic factors||identical twins||model-fitting||heritability||Human tooth development||Molar (tooth)||Tooth decay | ||
| 856 | _uhttps://library.oapen.org/bitstream/20.500.12657/33040/1/577639.pdf||https://library.oapen.org/bitstream/20.500.12657/33040/1/577639.pdf||https://library.oapen.org/bitstream/20.500.12657/33040/1/577639.pdf||https://library.oapen.org/bitstream/20.500.12657/33040/1/577639.pdf | ||
| 942 | _cEB | ||
| 999 |
_c18823 _d18823 |
||